000 00643nam a22001937a 4500
003 BD-DhJNU
005 20250130065815.0
008 250130b |||||||| |||| 00| 0 eng d
020 _a9789845060035
040 _aBD-DhJNU
_bENG
_cBD-DhJNU
_dBD-DhJNU
082 _223
_a352.63095492 ALC
100 _aAli, A M M Shawkat.
245 _aCivil service management in Bangladesh :
_ban agenda for policy reform /
_cA M M Shawkat Ali
260 _aDhaka :
_bThe University Press,
_c2010.
300 _axix, 231p. :
_bill. ;
_c22 cm.
504 _aIncludes bibliographies and index
650 _aCivil service reform Bangladesh
942 _2ddc
_cBK
_n0
999 _c1211
_d1211